[Event "SV Welper 1 - SV Königsspringer Hamm 1"]
[Site "Regionalliga 2017/2018"]
[Date "2017.11.12"]
[Round "3.1"]
[White "Happel, Heiner"]
[Black "Sohlmann, Jan-Henning"]
[Result "1-0"]
[WhiteElo "2171"]
[BlackElo "2230"]
[PlyCount "109"]
[EventDate "2017.??.??"]

1. c4 Nf6 2. Nc3 g6 3. d4 Bg7 4. e4 d6 5. Nf3 O-O 6. h3 e5 7. dxe5 dxe5 8. Qxd8
Rxd8 9. Bg5 Re8 10. Nd5 Nxd5 11. cxd5 c6 12. Bc4 cxd5 13. Bxd5 Nd7 14. O-O h6
15. Bh4 Nf6 16. Bxf6 Bxf6 17. Rac1 Bd8 18. Rc2 Rb8 19. Rd1 Kg7 20. Bc4 Bb6 21.
Rcd2 Re7 22. Bb3 f5 23. Rd5 Bc7 24. exf5 Bxf5 25. Rc5 Kf6 26. g4 Be4 27. Nd2
Bc6 28. Bd5 Bxd5 29. Rxd5 e4 30. Nc4 Bf4 31. Kg2 Rc8 32. b3 Re6 33. a4 b6 34.
Rd7 a6 35. Rb7 Rcc6 36. h4 h5 37. Rdd7 g5 38. gxh5 Kf5 39. hxg5 Bxg5 40. Rd5+
Kf6 41. Rd8 Kf5 42. Rd5+ Kf6 43. Ra7 a5 44. Rad7 Bf4 45. Kf1 Bh6 46. R7d6 Bf8
47. Rxc6 Rxc6 48. Ke2 Kg7 49. Ke3 Bc5+ 50. Kxe4 Bxf2 51. Rd7+ Kg8 52. Ne5 Rc3
53. h6 Rh3 54. Rg7+ Kf8 55. Ng6+ 1-0

[Event "SV Welper 1 - SV Königsspringer Hamm 1"]
[Site "Regionalliga 2017/2018"]
[Date "2017.11.12"]
[Round "3.2"]
[White "Fuellgrabe, Thomas"]
[Black "Frombach, Ralf"]
[Result "1-0"]
[WhiteElo "2223"]
[BlackElo "2147"]
[PlyCount "103"]
[EventDate "2017.??.??"]

1. Nf3 d5 2. e3 Nf6 3. c4 c6 4. Nc3 e6 5. d4 Ne4 6. Nxe4 dxe4 7. Nd2 f5 8. f3
Bd6 9. g3 exf3 10. Qxf3 e5 11. c5 Be7 12. dxe5 O-O 13. Bc4+ Kh8 14. Nb3 Nd7 15.
Qf4 Nxc5 16. Nxc5 Bxc5 17. Bd2 Qe7 18. O-O Be6 19. Bxe6 Qxe6 20. Bc3 Rad8 21.
Rad1 h6 22. Rxd8 Rxd8 23. Qxf5 Bxe3+ 24. Kg2 Qd5+ 25. Kh3 Re8 26. Qf7 Qe6+ 27.
Qxe6 Rxe6 28. Rf7 b5 29. Kg4 b4 30. Bxb4 Rxe5 31. Bc3 Rg5+ 32. Kf3 Bc5 33. Rd7
Kg8 34. a4 Bb6 35. Rd6 Rf5+ 36. Ke4 Rh5 37. Rxc6 Rxh2 38. a5 Bg1 39. Rc8+ Kf7
40. Rc7+ Ke6 41. Rxg7 h5 42. Rg6+ Kd7 43. Kd5 Re2 44. Rg7+ Kc8 45. Be5 Rd2+ 46.
Kc6 Rc2+ 47. Bc3 Kd8 48. Kd6 Ke8 49. Ke6 Kd8 50. a6 Bb6 51. Rg8+ Kc7 52. Be5+
1-0

[Event "SV Welper 1 - SV Königsspringer Hamm 1"]
[Site "Regionalliga 2017/2018"]
[Date "2017.11.12"]
[Round "3.3"]
[White "Dargel, Manuel"]
[Black "Kemna, Guido"]
[Result "1-0"]
[WhiteElo "2150"]
[BlackElo "2153"]
[PlyCount "59"]
[EventDate "2017.??.??"]

1. c4 e5 2. g3 Nf6 3. Bg2 Nc6 4. Nc3 Bb4 5. e4 Bxc3 6. bxc3 d6 7. Rb1 O-O 8. d3
Ne7 9. Ne2 c6 10. O-O d5 11. cxd5 cxd5 12. Bg5 dxe4 13. dxe4 Qc7 14. Qc1 Ne8
15. Rd1 Be6 16. Qa3 f6 17. Be3 b6 18. Bxb6 axb6 19. Qxa8 Nd6 20. Qa4 Bc4 21.
Rxd6 b5 22. Qb4 Bxe2 23. Rb2 Bc4 24. Rbd2 Nc8 25. Rd7 Qb6 26. Bf1 Bxf1 27. Kxf1
f5 28. Qb3+ Kh8 29. Qf7 Rg8 30. Qxf5 1-0

[Event "SV Welper 1 - SV Königsspringer Hamm 1"]
[Site "Regionalliga 2017/2018"]
[Date "2017.11.12"]
[Round "3.4"]
[White "Adiyaman, Rene"]
[Black "Prueß, Wilfried"]
[Result "0-1"]
[WhiteElo "2115"]
[BlackElo "2052"]
[PlyCount "80"]
[EventDate "2017.??.??"]

1. e4 e6 2. d4 d5 3. Nd2 dxe4 4. Nxe4 Nd7 5. Nf3 Ngf6 6. Ng3 c5 7. Bd3 Qc7 8.
O-O Bd6 9. Re1 O-O 10. Be3 b6 11. c3 Bb7 12. a3 Rfe8 13. Rc1 Rad8 14. Nd2 Nd5
15. Bg5 f6 16. Qh5 Nf8 17. Be3 Nxe3 18. fxe3 Bxg3 19. hxg3 Qxg3 20. Be4 Qc7 21.
Bxb7 Qxb7 22. b4 e5 23. bxc5 bxc5 24. Rb1 Qc6 25. Nb3 cxd4 26. cxd4 exd4 27.
Nxd4 Qc3 28. Rbc1 Qd2 29. Nc6 Rc8 30. Rcd1 Qc3 31. Qd5+ Kh8 32. Rc1 Qxa3 33.
Ra1 Qc3 34. Rac1 Qa3 35. Ra1 Qc3 36. Nxa7 Rcd8 37. Qf3 Rd3 38. Kf2 Ng6 39. Ra2
Ne5 40. Qe2 Rxe3 0-1

[Event "SV Welper 1 - SV Königsspringer Hamm 1"]
[Site "Regionalliga 2017/2018"]
[Date "2017.11.12"]
[Round "3.5"]
[White "Kauder, Hartmut"]
[Black "Bastians, Felix"]
[Result "1/2-1/2"]
[WhiteElo "2127"]
[BlackElo "2099"]
[PlyCount "76"]
[EventDate "2017.??.??"]

1. c4 Nf6 2. Nc3 c5 3. g3 Nc6 4. Bg2 e6 5. Nf3 Be7 6. O-O O-O 7. d4 d5 8. cxd5
exd5 9. b3 Be6 10. Bb2 Rc8 11. dxc5 Bxc5 12. Na4 Be7 13. Nd4 Qd7 14. Rc1 b6 15.
a3 Rfd8 16. Qd3 Ne4 17. Nxe6 Qxe6 18. b4 f5 19. e3 Ne5 20. Bxe5 Qxe5 21. Rxc8
Rxc8 22. Rd1 Rd8 23. f3 Nf6 24. f4 Qe6 25. Nc3 Ne4 26. Nxd5 Kf7 27. Bxe4 fxe4
28. Qb3 g6 29. Kg2 Bf6 30. h3 h5 31. Rd2 Kg7 32. Qd1 Qd6 33. Kf2 Bc3 34. Rc2
Bf6 35. Rd2 Bc3 36. Rc2 Bf6 37. Rd2 Bc3 38. Rc2 Bf6 1/2-1/2

[Event "SV Welper 1 - SV Königsspringer Hamm 1"]
[Site "Regionalliga 2017/2018"]
[Date "2017.11.12"]
[Round "3.6"]
[White "Linde, Wolfgang"]
[Black "Schmidt, Ingo"]
[Result "1-0"]
[WhiteElo "2078"]
[BlackElo "1969"]
[Annotator "Daniel"]
[PlyCount "63"]
[EventDate "2017.??.??"]

1. e4 e5 2. Nf3 Nc6 3. Bb5 f5 4. d3 fxe4 5. dxe4 Nf6 6. O-O d6 7. Nc3 Be7 8.
Bc4 Bg4 9. h3 Bh5 10. g4 Bg6 11. Ng5 Nd4 12. f4 h6 13. Nf3 Nxf3+ 14. Qxf3 Rf8
15. f5 Bf7 16. b3 c6 17. a4 Qa5 $11 18. Qd3 O-O-O 19. Bd2 Qc7 20. Be3 d5 21.
exd5 cxd5 22. Nb5 dxc4 23. Qc3 Nd5 24. Qe1 Qd7 25. Rd1 a6 26. Na7+ Kb8 27. bxc4
Qc7 28. cxd5 Bc5 29. Nc6+ bxc6 30. Bxc5 Bxd5 31. Bxf8 Rxf8 32. Qb4+ 1-0

[Event "SV Welper 1 - SV Königsspringer Hamm 1"]
[Site "Regionalliga 2017/2018"]
[Date "2017.11.12"]
[Round "3.7"]
[White "Klaus, Michael"]
[Black "Schaller, Fabian"]
[Result "0-1"]
[WhiteElo "1835"]
[BlackElo "1985"]
[PlyCount "94"]
[EventDate "2017.??.??"]

1. c4 Nf6 2. Nc3 c5 3. g3 g6 4. Bg2 Bg7 5. Nf3 O-O 6. O-O Nc6 7. d3 d6 8. a3 h6
9. Rb1 Be6 10. Bd2 Qd7 11. b4 Bh3 12. Nd5 Bxg2 13. Nxf6+ Bxf6 14. Kxg2 Bg7 15.
Qc2 b6 16. e3 e5 17. b5 Nd8 18. e4 Ne6 19. Nh4 Nd4 20. Qd1 g5 21. Nf3 Nxf3 22.
Qxf3 f5 23. exf5 Qxf5 24. Qd5+ Kh8 25. f3 Rad8 26. h4 g4 27. Qe4 gxf3+ 28. Rxf3
Qxf3+ 29. Qxf3 Rxf3 30. Kxf3 d5 31. Be3 dxc4 32. dxc4 Rd3 33. Ke4 Rxa3 34. Rc1
h5 35. Rc2 Kg8 36. Bf2 Kf7 37. Rd2 Ke6 38. Rd3 Rxd3 39. Kxd3 Kf5 40. Ke2 e4 41.
Be1 Bd4 42. Bd2 Be5 43. Be1 Kg4 44. Ke3 Bxg3 45. Bxg3 Kxg3 46. Kxe4 Kxh4 47.
Kf4 Kh3 0-1

[Event "SV Welper 1 - SV Königsspringer Hamm 1"]
[Site "Regionalliga 2017/2018"]
[Date "2017.11.12"]
[Round "3.8"]
[White "Schaller, Torsten"]
[Black "Przybela, Franz"]
[Result "1-0"]
[WhiteElo "1972"]
[BlackElo "1645"]
[PlyCount "67"]
[EventDate "2017.??.??"]

1. d4 d5 2. c4 Nf6 3. cxd5 Nxd5 4. e4 Nb6 5. Nf3 g6 6. Be3 Bg7 7. Nc3 O-O 8. h3
Nc6 9. Qd2 e6 10. Be2 a6 11. Rd1 Bd7 12. Bh6 Na7 13. h4 Nb5 14. h5 g5 15. Bxg7
Kxg7 16. h6+ Kh8 17. Nxg5 f6 18. Nf3 Qe8 19. Qf4 c6 20. g4 Qb8 21. Qe3 Rg8 22.
d5 Qc7 23. Bxb5 axb5 24. d6 Qd8 25. g5 Nc4 26. Qc1 fxg5 27. b3 Nb6 28. Na4 Rg6
29. Ne5 Rf6 30. Qxg5 Qf8 31. Qg7+ Qxg7 32. hxg7+ Kxg7 33. Nxb6 Rxa2 34. f3 1-0

[Event "Sport Union Annen 1 - SF Essen-Werden 1"]
[Site "Verbandsliga, Gruppe 1 2017/2"]
[Date "2017.11.05"]
[Round "3.1"]
[White "Roth, Markus"]
[Black "Mainka, Gregor"]
[Result "1-0"]
[WhiteElo "2143"]
[BlackElo "2183"]
[PlyCount "73"]
[EventDate "2017.??.??"]

1. Nf3 b6 2. e4 Bb7 3. Nc3 e6 4. d4 Bb4 5. Bd3 Nf6 6. Qe2 d5 7. e5 Ne4 8. Bd2
Nxd2 9. Qxd2 c5 10. O-O c4 11. Be2 Nc6 12. Ne1 f6 13. a3 Bxc3 14. Qxc3 fxe5 15.
dxe5 O-O 16. Bg4 Qe7 17. f4 Kh8 18. Qg3 Qc5+ 19. Rf2 Nd4 20. c3 Nb3 21. Rd1 d4
22. Bxe6 Rad8 23. f5 dxc3 24. Rxd8 Rxd8 25. f6 g6 26. f7 Qe7 27. bxc3 Nc5 28.
f8=Q+ Rxf8 29. Rxf8+ Qxf8 30. Bxc4 Ne4 31. Qe3 Qxa3 32. e6 Qd6 33. Nd3 Kg7 34.
h4 a5 35. h5 g5 36. Qf3 Qf8 37. h6+ 1-0

[Event "Sport Union Annen 1 - SF Essen-Werden 1"]
[Site "Verbandsliga, Gruppe 1 2017/2"]
[Date "2017.11.05"]
[Round "3.2"]
[White "Reinoehl, Christian"]
[Black "ter Steeg, Marcus"]
[Result "0-1"]
[WhiteElo "2088"]
[BlackElo "2061"]
[PlyCount "82"]
[EventDate "2017.??.??"]

1. e4 g6 2. d4 Bg7 3. c3 c6 4. h3 d5 5. e5 Nd7 6. Be3 Qb6 7. Qd2 e6 8. Na3 h5
9. O-O-O Nh6 10. Nf3 Nf5 11. Bg5 Qa5 12. Kb1 b5 13. Bd3 Ne7 14. g4 Qb6 15. Nc2
c5 16. Nh4 Bf8 17. f4 b4 18. cxb4 cxd4 19. f5 Nxe5 20. Bf6 Nxd3 21. Bxh8 Ba6
22. Bxd4 Qd6 23. fxe6 fxe6 24. Qe3 e5 25. Bc5 Nxc5 26. bxc5 Qe6 27. Nb4 Bc4 28.
b3 Rb8 29. Qd2 a5 30. bxc4 Rxb4+ 31. Ka1 Bg7 32. a3 e4+ 33. Ka2 Rb2+ 34. Qxb2
Bxb2 35. Kxb2 Qf6+ 36. Kb1 dxc4 37. Ng2 Qf3 38. Nh4 Qb3+ 39. Kc1 Qc3+ 40. Kb1
Qb3+ 41. Kc1 Qxa3+ 0-1

[Event "Sport Union Annen 1 - SF Essen-Werden 1"]
[Site "Verbandsliga, Gruppe 1 2017/2"]
[Date "2017.11.05"]
[Round "3.3"]
[White "Berger, Konstantin"]
[Black "Wicht, Juergen"]
[Result "1-0"]
[WhiteElo "2001"]
[BlackElo "2051"]
[Annotator "Daniel"]
[PlyCount "145"]
[EventDate "2017.??.??"]

1. d4 Nf6 2. Bg5 Ne4 3. Bf4 c5 4. f3 Nf6 5. dxc5 Qa5+ 6. Nc3 Qxc5 7. Qd2 d6 8.
e4 Qa5 9. Bc4 Nc6 10. Nge2 g6 11. Nb5 Qxd2+ 12. Bxd2 Rb8 13. Nc7+ Kd8 14. Nb5
a6 15. Nbd4 Nxd4 16. Nxd4 e5 17. Ne2 Be6 18. Bb3 Kd7 19. O-O-O Bxb3 20. axb3 h5
21. Kb1 Ke6 22. Bg5 Ne8 23. Rd3 Rc8 24. Rhd1 f6 25. Be3 Bh6 26. Bf2 Rh7 27. b4
Rhc7 28. c3 Rc6 $11 29. Ng3 b5 30. Nf1 Ra8 31. Be3 Bf8 32. Nd2 a5 33. bxa5 Rxa5
34. Nb3 Ra4 35. Na1 f5 36. exf5+ gxf5 37. Nc2 Rca6 38. R1d2 Nc7 39. Nb4 Ra1+
40. Kc2 R6a4 41. h3 Na6 42. Nxa6 Rxa6 43. Rd5 R1a5 44. Kd1 b4 45. c4 Rxd5 46.
Rxd5 Ra1+ 47. Kc2 Re1 48. Kd2 Rb1 49. Kc2 Re1 50. Bb6 Bh6 51. Bc7 Bf8 52. Rd2
Re3 53. Bb6 Re1 54. Kb3 Bh6 55. Rc2 e4 56. fxe4 fxe4 57. c5 dxc5 58. Bxc5 Rc1
59. Rxc1 Bxc1 60. Kc2 Bg5 61. Bxb4 Kf5 62. Be1 Ke5 63. Kd1 e3 64. Ke2 Ke4 65.
Bb4 Bf6 66. b3 Bd4 67. Bd6 Kd5 68. Bf8 Ke4 69. b4 Be5 70. Bc5 Kf4 71. Bxe3+ Kg3
72. Kf1 Bb8 73. b5 1-0

[Event "Sport Union Annen 1 - SF Essen-Werden 1"]
[Site "Verbandsliga, Gruppe 1 2017/2"]
[Date "2017.11.05"]
[Round "3.4"]
[White "Herrmann, Uwe"]
[Black "Claussen, Uwe"]
[Result "1/2-1/2"]
[WhiteElo "1923"]
[BlackElo "2029"]
[PlyCount "86"]
[EventDate "2017.??.??"]

1. d4 e6 2. c4 b6 3. d5 Bb7 4. e4 Bb4+ 5. Bd2 Qe7 6. Bxb4 Qxb4+ 7. Qd2 Qxd2+ 8.
Nxd2 e5 9. Bd3 Nf6 10. Ne2 d6 11. O-O Nbd7 12. b4 a5 13. a3 axb4 14. axb4 Ke7
15. Nb3 Rxa1 16. Rxa1 Ra8 17. Rxa8 Bxa8 18. Nc3 g6 19. f3 Bb7 20. Kf2 Nh5 21.
g3 Ng7 22. Na4 Bc8 23. Bf1 f5 24. Nc3 h6 25. Bd3 Nf6 26. c5 dxc5 27. bxc5 fxe4
28. fxe4 bxc5 29. Nxc5 Nge8 30. Nb3 Nd6 31. Nd2 Nd7 32. Nf3 Kf6 33. Nd2 Nc5 34.
Bb5 Bb7 35. Ke3 g5 36. Be2 Bc8 37. Nb5 Nxb5 38. Bxb5 Bh3 39. Be2 Bd7 40. Bc4
Ba4 41. Bd3 Bd1 42. Nc4 Bb3 43. Nd2 Bd1 1/2-1/2

[Event "Sport Union Annen 1 - SF Essen-Werden 1"]
[Site "Verbandsliga, Gruppe 1 2017/2"]
[Date "2017.11.05"]
[Round "3.5"]
[White "Huette, Stefan"]
[Black "Sondermann, Dirk"]
[Result "1-0"]
[WhiteElo "1982"]
[BlackElo "1803"]
[PlyCount "77"]
[EventDate "2017.??.??"]

1. d4 d5 2. Bg5 Nc6 3. Nf3 Bg4 4. Nbd2 f6 5. Bf4 e6 6. c3 Bd6 7. Bg3 Nge7 8.
Qa4 O-O 9. e3 a6 10. Bd3 Qd7 11. Qc2 f5 12. Bf4 h6 13. h3 Bxf3 14. Nxf3 Bxf4
15. exf4 Ng6 16. g3 Rac8 17. Qe2 Rfe8 18. O-O Nd8 19. h4 Nf7 20. Rfe1 Nd6 21.
h5 Nf8 22. Ne5 Qd8 23. f3 Qf6 24. Qf2 Nf7 25. Qh2 Nxe5 26. Rxe5 Nd7 27. Re2 c5
28. dxc5 e5 29. Rae1 e4 30. fxe4 fxe4 31. Bc2 Nxc5 32. Rd1 Red8 33. Red2 Kh8
34. Qh3 Qb6 35. Kh1 Qc6 36. Rxd5 Rxd5 37. Rxd5 Re8 38. Qf5 b5 39. Rxc5 1-0

[Event "Sport Union Annen 1 - SF Essen-Werden 1"]
[Site "Verbandsliga, Gruppe 1 2017/2"]
[Date "2017.11.05"]
[Round "3.6"]
[White "Hartung, Thomas"]
[Black "Bury, Tobias"]
[Result "1/2-1/2"]
[WhiteElo "1898"]
[BlackElo "1894"]
[PlyCount "66"]
[EventDate "2017.??.??"]

1. e4 c5 2. Nf3 e6 3. d4 cxd4 4. Nxd4 Nc6 5. Nc3 Qc7 6. Be3 a6 7. Bd3 Nf6 8.
O-O b5 9. Qe2 Bb7 10. Rad1 b4 11. Na4 Ne5 12. f3 d5 13. Bf2 Bd6 14. g3 O-O 15.
exd5 Nxd3 16. Qxd3 Nxd5 17. b3 Rfd8 18. Qe2 Rac8 19. Rd2 Be7 20. Re1 Bg5 21. f4
Bf6 22. a3 a5 23. axb4 axb4 24. Kf1 Qd6 25. Kg1 Nc3 26. Nxc3 bxc3 27. Rd3 Ba6
28. Nb5 Qc6 29. Na7 Bxd3 30. cxd3 Qd5 31. Nxc8 Rxc8 32. Qc2 Rb8 33. Rb1 Rd8
1/2-1/2

[Event "Sport Union Annen 1 - SF Essen-Werden 1"]
[Site "Verbandsliga, Gruppe 1 2017/2"]
[Date "2017.11.05"]
[Round "3.7"]
[White "Miksche, Ronald"]
[Black "Jeschke, Holger"]
[Result "1-0"]
[WhiteElo "1951"]
[BlackElo "1892"]
[PlyCount "89"]
[EventDate "2017.??.??"]

1. e4 c6 2. d4 d5 3. f3 g6 4. Nc3 Bg7 5. Be3 e5 6. exd5 cxd5 7. dxe5 Bxe5 8.
Nxd5 Ne7 9. Nc3 Qa5 10. Bb5+ Nbc6 11. Nge2 O-O 12. O-O Nf5 13. Bf2 Rd8 14. Qc1
Ncd4 15. Nxd4 Nxd4 16. Bd3 Qc7 17. h3 Nxf3+ 18. gxf3 Bf4 19. Qd1 Bxh3 20. Re1
Re8 21. Nd5 Qd6 22. c4 Bg3 23. Qd2 Bh2+ 24. Kh1 Be5 25. Rad1 Be6 26. Be4 Qd8
27. Qh6 Bxd5 28. Bxd5 Qf6 29. b3 Bc3 30. Re3 Rxe3 31. Qxe3 Rb8 32. Rd3 Be5 33.
Rd1 Qf5 34. Qh6 Bf4 35. Qh4 Re8 36. Be4 Qe5 37. Bd4 Qc7 38. Qf6 Kf8 39. Qg7+
Ke7 40. Qf6+ Kf8 41. Qh8+ Ke7 42. Qf6+ Kf8 43. Qg7+ Ke7 44. Bd5 Kd8 45. Bxf7
1-0

[Event "Sport Union Annen 1 - SF Essen-Werden 1"]
[Site "Verbandsliga, Gruppe 1 2017/2"]
[Date "2017.11.05"]
[Round "3.8"]
[White "Al Ali, Mohammad"]
[Black "Brixius, Dirk"]
[Result "0-1"]
[WhiteElo "1777"]
[BlackElo "1821"]
[PlyCount "60"]
[EventDate "2017.??.??"]

1. b3 d5 2. Bb2 Nf6 3. e3 Bf5 4. Nf3 e6 5. c4 Nbd7 6. Nc3 c6 7. cxd5 cxd5 8.
Be2 Be7 9. O-O h6 10. Nd4 Bh7 11. f4 O-O 12. Bf3 Bd3 13. Be2 Nc5 14. b4 Bxe2
15. Qxe2 Nce4 16. a3 Qd7 17. d3 Nxc3 18. Bxc3 Rfc8 19. Bb2 a6 20. Rad1 Bd8 21.
f5 e5 22. Nf3 e4 23. dxe4 Nxe4 24. Ne5 Qd6 25. Qg4 Nf6 26. Qf3 Rc2 27. Nd3 Bb6
28. Rf2 Rac8 29. Nf4 Rxf2 30. Qxf2 Ng4 0-1

[Event "SV Eichlinghofen 1 - SF Essen-Katernber"]
[Site "Verbandsliga, Gruppe 1 2017/2"]
[Date "2017.11.05"]
[Round "3.1"]
[White "Stratmann, Holger"]
[Black "Watzlawek, Markus"]
[Result "0-1"]
[WhiteElo "1997"]
[BlackElo "2073"]
[PlyCount "82"]
[EventDate "2017.??.??"]

1. e4 c5 2. Nf3 e6 3. d4 cxd4 4. Nxd4 a6 5. Bd3 Nf6 6. O-O Qc7 7. Nc3 d6 8. Be3
Be7 9. a4 Nbd7 10. a5 O-O 11. f4 Nc5 12. g4 d5 13. exd5 Nxd5 14. Nxd5 exd5 15.
f5 Bd6 16. Rf2 Re8 17. Qf3 Bd7 18. g5 Nxd3 19. cxd3 Bb5 20. Bd2 Qc5 21. Nxb5
Qxb5 22. Bc3 Bc5 23. d4 Bf8 24. g6 Qd7 25. gxh7+ Kh8 26. f6 g6 27. h4 Re4 28.
h5 Qg4+ 29. Qxg4 Rxg4+ 30. Rg2 gxh5 31. Rxg4 hxg4 32. Re1 Bd6 33. Rf1 Kxh7 34.
Rf5 Kg6 35. Rxd5 Rd8 36. Kg2 Kxf6 37. Rh5 Kg6 38. Rd5 f5 39. Bb4 Be7 40. Rxd8
Bxd8 41. Bd2 Bc7 0-1

[Event "SV Eichlinghofen 1 - SF Essen-Katernber"]
[Site "Verbandsliga, Gruppe 1 2017/2"]
[Date "2017.11.05"]
[Round "3.3"]
[White "Riesenbeck, Juergen"]
[Black "Kropp, Andreas"]
[Result "1-0"]
[WhiteElo "2003"]
[BlackElo "1931"]
[PlyCount "41"]
[EventDate "2017.??.??"]

1. e4 c5 2. c3 Nf6 3. e5 Nd5 4. d4 d6 5. Nf3 Nc6 6. Bc4 e6 7. O-O Nb6 8. Bb3
Be7 9. dxc5 dxc5 10. Qe2 Nd7 11. Bf4 g5 12. Bg3 h5 13. h3 Qc7 14. Re1 b6 15.
Nbd2 Bb7 16. Ne4 Na5 17. Nd6+ Bxd6 18. exd6 Qc6 19. Bxe6 fxe6 20. Qxe6+ Kd8 21.
Qe7+ 1-0

[Event "SV Eichlinghofen 1 - SF Essen-Katernber"]
[Site "Verbandsliga, Gruppe 1 2017/2"]
[Date "2017.11.05"]
[Round "3.4"]
[White "Dreier, Daniel"]
[Black "Stremmel, Ralf"]
[Result "1/2-1/2"]
[WhiteElo "1958"]
[BlackElo "2037"]
[PlyCount "80"]
[EventDate "2017.??.??"]

1. e4 d5 2. e5 c5 3. f4 Nc6 4. Nf3 Bg4 5. Bb5 e6 6. O-O Qb6 7. a4 Nge7 8. Nc3
a6 9. a5 Qc7 10. Ba4 O-O-O 11. Qe1 Bxf3 12. Rxf3 Nxa5 13. d4 Nec6 14. Ne2 cxd4
15. Bd2 Nc4 16. Bxc6 Qxc6 17. Nxd4 Bc5 18. Bc3 Qb6 19. Rd1 Nxb2 20. Bxb2 Qxb2
21. Rb3 Bxd4+ 22. Kh1 Qxc2 23. Rc1 Qxc1 24. Qxc1+ Kb8 25. Qc6 b6 26. h3 Rc8 27.
Qa4 Rc1+ 28. Kh2 Bg1+ 29. Kg3 Rhc8 30. Qxa6 R1c3+ 31. Rxc3 Rxc3+ 32. Kg4 Rc7
33. Qb5 g6 34. Kf3 h5 35. g4 hxg4+ 36. hxg4 Kb7 37. Qe8 Bd4 38. Ke2 Bc3 39. Kd3
Ka7 40. Qd8 Kb7 1/2-1/2

[Event "SV Eichlinghofen 1 - SF Essen-Katernber"]
[Site "Verbandsliga, Gruppe 1 2017/2"]
[Date "2017.11.05"]
[Round "3.5"]
[White "Mueller-Clostermann, Bruno"]
[Black "Wloka, Sebastian"]
[Result "1/2-1/2"]
[WhiteElo "2013"]
[BlackElo "1891"]
[PlyCount "68"]
[EventDate "2017.??.??"]

1. Nf3 d5 2. c4 e6 3. g3 Nf6 4. Bg2 c6 5. Qc2 Bd6 6. d4 Nbd7 7. O-O O-O 8. Nfd2
e5 9. dxe5 Nxe5 10. cxd5 Nxd5 11. a3 Be6 12. Ne4 Be7 13. Nc5 Bxc5 14. Qxc5 b6
15. Qc2 Rc8 16. e4 Ne7 17. Rd1 Nd7 18. Nc3 Qc7 19. Bf4 Ne5 20. Rac1 Qb8 21. Ne2
c5 22. Nc3 f6 23. Nd5 N7c6 24. Qa4 Kf7 25. Bf1 g5 26. Be3 Nf3+ 27. Kg2 Nfd4 28.
Rd2 Rfd8 29. Qd1 Qe5 30. Qh5+ Kg7 31. Bxd4 Nxd4 32. Nc3 Nb3 33. Rxd8 Rxd8 34.
Rd1 Rxd1 1/2-1/2

[Event "SV Eichlinghofen 1 - SF Essen-Katernber"]
[Site "Verbandsliga, Gruppe 1 2017/2"]
[Date "2017.11.05"]
[Round "3.6"]
[White "Brockmann, Michael"]
[Black "Sauer, Bernd"]
[Result "1/2-1/2"]
[WhiteElo "1961"]
[BlackElo "1898"]
[PlyCount "89"]
[EventDate "2017.??.??"]

1. d4 f5 2. c4 Nf6 3. Nf3 g6 4. g3 Bg7 5. Bg2 O-O 6. O-O d6 7. Qc2 a5 8. b3 Na6
9. Bb2 Ne4 10. Nc3 Nb4 11. Qb1 Nxc3 12. Bxc3 Qe8 13. Qb2 Nc6 14. d5 Bxc3 15.
Qxc3 Nd8 16. Nd4 c6 17. Rad1 cxd5 18. cxd5 Bd7 19. a4 Nf7 20. Rc1 Qb8 21. Qc7
Ne5 22. f4 Qa7 23. fxe5 Qxd4+ 24. Kh1 Rfd8 25. e6 Rac8 26. Qxa5 Be8 27. e4 Rxc1
28. Rxc1 Rc8 29. Rf1 fxe4 30. Qe1 e3 31. Qe2 g5 32. h3 Bg6 33. Rf3 Be4 34. Rxe3
Bxg2+ 35. Kxg2 Qxd5+ 36. Kh2 Rf8 37. Rd3 Qc5 38. Kg2 Qc6+ 39. Kh2 Qc5 40. Rf3
Qd4 41. Rxf8+ Kxf8 42. Qf3+ Qf6 43. Kg2 Kg7 44. Qxb7 Qxe6 45. Qf3 1/2-1/2

[Event "SV Eichlinghofen 1 - SF Essen-Katernber"]
[Site "Verbandsliga, Gruppe 1 2017/2"]
[Date "2017.11.05"]
[Round "3.8"]
[White "Heimlich, Oliver"]
[Black "Dette, Tim"]
[Result "1/2-1/2"]
[WhiteElo "1715"]
[BlackElo "1815"]
[PlyCount "69"]
[EventDate "2017.??.??"]

1. e4 e6 2. d4 d5 3. exd5 exd5 4. c4 Nf6 5. Nc3 Be6 6. c5 Be7 7. Bd3 Qd7 8.
Nge2 Bf5 9. Qc2 Bxd3 10. Qxd3 Nc6 11. Bf4 O-O 12. O-O Rfe8 13. Rfe1 Nb4 14. Qb1
c6 15. h3 Na6 16. Ng3 Nc7 17. Nf5 Nh5 18. Bh2 Bf8 19. Qd3 Nf6 20. Re3 Rxe3 21.
Nxe3 Re8 22. f3 b6 23. cxb6 axb6 24. Rd1 c5 25. Bxc7 Qxc7 26. Ncxd5 Nxd5 27.
Nxd5 Qc6 28. dxc5 Bxc5+ 29. Kh1 h6 30. Nc3 Qf6 31. Qb5 Rd8 32. Rxd8+ Qxd8 33.
Qe2 Qd4 34. Qe8+ Bf8 35. Qe4 1/2-1/2

[Event "SV Bönen 1 - SV Mülheim-Nord 4"]
[Site "Verbandsliga, Gruppe 1 2017/2"]
[Date "2017.11.05"]
[Round "3.1"]
[White "Seibt, Sascha"]
[Black "Schlottmann, Fabian"]
[Result "0-1"]
[WhiteElo "1911"]
[BlackElo "2282"]
[Annotator "Medger,Gernot"]
[PlyCount "90"]
[EventDate "2017.??.??"]

1. Nf3 d5 2. g3 Nf6 3. Bg2 c6 4. b3 Bf5 5. Bb2 Nbd7 6. O-O Qc7 7. d4 e6 8. c4
h6 9. Nc3 Be7 10. Rc1 O-O 11. Nd2 Qb6 12. e4 dxe4 13. Ndxe4 Nxe4 14. Nxe4 Nf6
15. Qe2 Rad8 16. Rfd1 Nxe4 17. Bxe4 Bxe4 18. Qxe4 Rd7 19. Rd3 Rfd8 20. Rcd1 Bf6
21. Bc3 $11 a5 22. Kg2 a4 23. Qe1 Qa7 24. Qe4 Qa8 25. h4 b5 26. Kh2 axb3 27.
axb3 bxc4 28. bxc4 Qa6 29. d5 cxd5 30. cxd5 Bxc3 31. Rxc3 Rxd5 32. Rxd5 Rxd5
33. Qc4 Qa1 34. Qc8+ Kh7 35. Rc1 Qd4 36. Qc2+ Rf5 37. Kg1 g6 38. Rd1 Rxf2 39.
Qxg6+ Kxg6 40. Rxd4 Ra2 41. Rg4+ Kf6 42. Rf4+ Ke7 43. Rb4 Rd2 44. Rb5 Kf6 45.
Rh5 Rd5 0-1

[Event "SV Bönen 1 - SV Mülheim-Nord 4"]
[Site "Verbandsliga, Gruppe 1 2017/2"]
[Date "2017.11.05"]
[Round "3.2"]
[White "Lenz, Guntram"]
[Black "Schmidt, Kevin"]
[Result "0-1"]
[WhiteElo "1952"]
[BlackElo "1890"]
[PlyCount "48"]
[EventDate "2017.??.??"]

1. d4 Nf6 2. c4 e6 3. Nc3 Bb4 4. e3 O-O 5. Nf3 b6 6. Bd3 Ba6 7. O-O d5 8. Ne5
c5 9. Qf3 Bxc3 10. bxc3 Qc7 11. cxd5 Bxd3 12. Nxd3 exd5 13. Ba3 Ne4 14. Rac1
Rd8 15. Qf4 Qxf4 16. Nxf4 Na6 17. Rc2 Nd6 18. Rd1 Nc4 19. Bc1 Nc7 20. dxc5 bxc5
21. Nd3 Ne6 22. Nb2 Na3 23. Rcd2 Nb1 24. Na4 Nxd2 0-1

[Event "SV Bönen 1 - SV Mülheim-Nord 4"]
[Site "Verbandsliga, Gruppe 1 2017/2"]
[Date "2017.11.05"]
[Round "3.3"]
[White "Kremer, Moritz"]
[Black "Fuest, Torsten"]
[Result "1/2-1/2"]
[WhiteElo "1857"]
[BlackElo "1888"]
[Annotator "Medger,Gernot"]
[PlyCount "115"]
[EventDate "2017.??.??"]

1. Nf3 Nf6 2. g3 g6 3. b3 Bg7 4. Bb2 O-O 5. Bg2 d6 6. d3 e5 7. Nbd2 Nbd7 8. O-O
a5 9. a3 Nc5 10. d4 exd4 11. Bxd4 Re8 12. e3 Bd7 13. Ne1 Bg4 14. Ndf3 Qc8 15.
Qc1 Nce4 16. c4 g5 17. Nc2 Qf5 18. Nd2 Be2 19. Nxe4 Nxe4 20. Bxe4 Qxe4 21. Re1
Bg4 22. Qd2 Bh3 23. f4 Bh6 24. Bf6 Qg6 25. fxg5 Bxg5 26. Bxg5 Qxg5 27. Re2 Re5
28. Qd4 Qe7 29. Rae1 Re8 30. Qf4 Re4 31. Qh6 Qe6 32. Qxe6 R8xe6 33. Nd4 Re7 34.
Kf2 Bg4 35. Rd2 R7e5 36. Nb5 Rc5 37. Nc3 Re6 38. Rd5 Rxd5 39. Nxd5 c6 40. Nf4
Rf6 41. e4 Kf8 42. b4 axb4 43. axb4 Be6 44. c5 Bc4 45. e5 dxe5 46. Rxe5 Bd3 47.
Ke3 Bb1 48. Kd4 Ba2 49. Rh5 Bb1 50. Ke5 Ke7 51. g4 Bc2 52. Rh3 Bb1 53. Rb3 Bc2
54. Rc3 Bb1 55. h4 h5 56. Nxh5 Re6+ 57. Kf4 Re4+ 58. Kg3 $11 1/2-1/2

[Event "SV Bönen 1 - SV Mülheim-Nord 4"]
[Site "Verbandsliga, Gruppe 1 2017/2"]
[Date "2017.11.05"]
[Round "3.4"]
[White "Merz, Martin"]
[Black "Kelm, Marcel"]
[Result "1-0"]
[WhiteElo "1979"]
[BlackElo "1867"]
[PlyCount "27"]
[EventDate "2017.??.??"]

1. d4 Nf6 2. Nf3 e6 3. g3 Nc6 4. Bg2 d5 5. O-O Bd6 6. c4 b6 7. Nc3 Bb7 8. Bg5
Be7 9. Ne5 Nd7 10. Nxc6 Bxc6 11. Bxe7 Qxe7 12. cxd5 exd5 13. Nxd5 Qd6 14. Nxc7+
1-0